| 000 | 05076cam a22012254i 4500 | ||
|---|---|---|---|
| 003 | PE-LiUPU | ||
| 005 | 20250813185631.0 | ||
| 008 | 150706s r 000 0 d | ||
| 020 | _a9789972273988 | ||
| 035 | _a(Sirsi) i9789972273988 | ||
| 040 |
_aPE-LiUPU _bspa _cPE-LiUPU _erda |
||
| 049 | _aPRUA | ||
| 082 | 0 | 4 |
_a330.985 _bJ24 _221 |
| 245 | 0 | 1 |
_aPerú en el umbral de una nueva era : _blecciones y desafíos para consolidar el crecimiento económico y un desarrollo más incluyente / _cC. Felipe Jaramillo, Calos Filva-Jauregui, editores. |
| 264 | 1 |
_aLima : _bBanco Mundial, _c2012. |
|
| 300 |
_axl, 162 páginas : _bilustraciones ; _c26 cm. |
||
| 336 |
_atext _2rdacontent |
||
| 337 |
_aunmediated _2rdamedia |
||
| 338 |
_avolume _2rdacarrier |
||
| 505 | 0 | _aNotas de política (en v. 1-2) -- La importancia del crecimiento sostenido para el desarrollo y la reducción de la pobreza -- Reglas físicas y estabilidad macroeconómica -- Sugerencias para la mejora de política tributaria -- Agenda para un sólido desarrollo del sector financiero -- Desarrollo del mercado de capitales: una oportunidad para sostener el crecimiento productivo -- Diagnóstico del mercado de remesas sobre la base de los Principios Generales para la provisión de Servivios de remesas internacionales -- La agenda pendiente en política de comercio exterior -- Innovación y conocimiento -- Más allá del crecimiento: abordar los cuellos de botella del mercado laboral -- Hacia una economía más formal ¿Qué nos enseñan los micro y pequeños empresarios peruanos? -- Una década de reducción de la pobreza y de ampliación de oportunidades -- La administración de justicia en el Perú -- Más allá de la formalización: del catastro registral a la gestión territorial -- Inversión pública -- Gestión por resultados -- Políticas salariales y de gestión de recursos humanos -- Gestión de las finanzas públicas -- Adquisiciones -- Voz y participación en el proceso de descentralización -- Estándares y rendición de cuentas para resultados en los sectores sociales -- Avanzando hacia la educación que queremos para todos los niños y niñas del Perú -- Hacia una educación superior para la competitividad -- Hacia un Perú más saludable: desafíos y oportunidades del sistema de salud -- Hacia ima red de protección social más efectiva y coherente en el Perú -- Banda ancha: plataforma para el crecimiento inclusivo -- El desarrollo hidroeléctrico -- Riego -- Una visión integral del transporte multimodal -- El sector de agua y saneamiento -- Transporte urbano -- Descentralización del sector público agrario -- Gestión del riesgo de desastres -- El sector del gas natural -- Sostenibilidad ambiental para el crecimiento económico -- Recursos hídricos -- Hacia una minería más sostenible. | |
| 526 | _aP202 | ||
| 526 | _aP201 | ||
| 526 | _aP163 | ||
| 526 | _aP162 | ||
| 526 | _aP161 | ||
| 526 | _aP160 | ||
| 526 | _aP148 | ||
| 526 | _aP147 | ||
| 526 | _aP146 | ||
| 526 | _aP145 | ||
| 526 | _aP144 | ||
| 526 | _aP143 | ||
| 526 | _aP142 | ||
| 526 | _aP141 | ||
| 526 | _aP140 | ||
| 526 | _aP139 | ||
| 526 | _aP138 | ||
| 526 | _aP137 | ||
| 526 | _aP136 | ||
| 526 | _aP135 | ||
| 526 | _aP134 | ||
| 526 | _aP133 | ||
| 526 | _aP129 | ||
| 526 | _aP128 | ||
| 526 | _aP127 | ||
| 526 | _aP120 | ||
| 526 | _aP119 | ||
| 526 | _aP118 | ||
| 526 | _aP116 | ||
| 526 | _aP115 | ||
| 526 | _aP114 | ||
| 526 | _aP110 | ||
| 526 | _aP109 | ||
| 526 | _aP108 | ||
| 526 | _aP104 | ||
| 526 | _aP103 | ||
| 526 | _aP102 | ||
| 526 | _aP99 | ||
| 526 | _aP98 | ||
| 526 | _aP97 | ||
| 526 | _aP96 | ||
| 526 | _aP95 | ||
| 526 | _aP93 | ||
| 526 | _aP90 | ||
| 526 | _aP89 | ||
| 526 | _aP88 | ||
| 526 | _aP83 | ||
| 526 | _aP82 | ||
| 526 | _aP62 | ||
| 526 | _aP59 | ||
| 526 | _aP58 | ||
| 526 | _aP57 | ||
| 526 | _aP51 | ||
| 526 | _aP49 | ||
| 526 | _aP48 | ||
| 526 | _aP47 | ||
| 526 | _aP29 | ||
| 526 | _aP24 | ||
| 526 | _aP20 | ||
| 526 | _aP19 | ||
| 526 | _aP17 | ||
| 526 | _aP15 | ||
| 526 | _aP14 | ||
| 526 | _aP12 | ||
| 526 | _aP10 | ||
| 526 | _aP09 | ||
| 526 | _aP08 | ||
| 526 | _aP07 | ||
| 526 | _aP06 | ||
| 526 | _aP05 | ||
| 526 | _aP04 | ||
| 526 | _aP01 | ||
| 650 | 0 | 4 |
_aDesarrollo económico _zPerú. |
| 651 |
_aPerú _xCondiciones económicas _y1960-2010 |
||
| 651 |
_aPerú _xPolítica económica _ySiglo XXI. |
||
| 700 | 1 |
_aFelipe Jaramillo, C., _eed. |
|
| 700 | 1 |
_aSilva-Jáuregui, Carlos, _eed. |
|
| 910 |
_agl _cbd _d20130906 |
||
| 942 |
_2ddc _cBOOK |
||
| 949 |
_a330.985 J24 2 _wDEWEY _c1 _i68391 _lCCODEBUL1 _mBUL _p20.00 _r0 _sY _tBOOK _u2015-7-6 _xBIBLIOTECA _zUNKNOWN _o.STAFF. Colección General |
||
| 994 |
_aC0 _bPEPRU |
||
| 596 | _a1 | ||
| 999 |
_a330.985 J24 2 _wDEWEY _c55788 _i68391 _d55788 _e2016-8-22 _f2021-11-8 _g5 _lCCODEBUL1 _mBUL _n1 _p20.00 _q1 _r0 _sY _tBOOK _u2015-7-6 _xEDUCACION _zUNKNOWN _0COMPRA _o.STAFF. Colección General |
||
| 980 |
_81 _gALBERTO SANCHEZ Responsable de Automatización |
||